Jubilej V. I. Lamanského
Článok pri príležitosti 50. výročia pôsobenia slavistu V. I. Lamanského
| Main Author: | |
|---|---|
| Format: | Manuscript Book |
| Language: | Slovak Russian |
| PhysicalDescription: | 10 strán, 1 nečíslovaná strana rukopis, voľné listy 21 cm Vydané aj v tlačenej forme |
| Published: |
[Martin]
[1905]
|
| Subjects: |
MARC
| LEADER | 00000ntmaa2200000 a 4500 | ||
|---|---|---|---|
| 001 | vtls012268237 | ||
| 003 | SK-MaSNL | ||
| 005 | 20260301213954.0 | ||
| 008 | 241210s1905 xo || 000 1dslo | ||
| 040 | |a SNKLA |b slo |c SNKLA |e AACR2 | ||
| 041 | 0 | |a slo |a rus | |
| 044 | |a xo |c SK | ||
| 072 | 7 | |a 80 |x Filológia |2 konspekt | |
| 080 | |a 025.171 |2 2011 | ||
| 080 | |a 394.46 |2 2011 | ||
| 080 | |a 80:908‑055.1 |2 2011 | ||
| 080 | |a (046) |2 2011 | ||
| 100 | 1 | |a Škultéty, Jozef, |d 1853-1948 |4 aut |9 189198 | |
| 245 | 1 | 0 | |a Jubilej V. I. Lamanského |c J. Š. |
| 246 | 3 | 3 | |a Jubilej Vladimira Ivanoviča Lamanského |
| 260 | |a [Martin] |c [1905] | ||
| 300 | |a 10 strán, 1 nečíslovaná strana |b rukopis, voľné listy |c 21 cm | ||
| 500 | |a Autor podpísaný iniciálami | ||
| 500 | |a Neúplné, chýba s. 10 | ||
| 520 | 2 | |a Článok pri príležitosti 50. výročia pôsobenia slavistu V. I. Lamanského | |
| 530 | |a Vydané aj v tlačenej forme | ||
| 546 | |a Napísané slovensky, niektoré citáty rusky | ||
| 555 | 0 | |a Inventár rukopisov Literárneho archívu Matice slovenskej X. Fondy 46 - 51. Martin : Matica slovenská 1981 | |
| 561 | |a Okrúhla pečiatka: Matica slovenská Martin Literárny archív | ||
| 600 | 1 | 7 | |a Lamanskij, Vladimir Ivanovič, |d 1833-1914 |2 SNKMA |9 178726 |
| 650 | 0 | 7 | |a výročia a významné udalosti |2 SNKPH |9 16069 |
| 650 | 0 | 7 | |a slavisti |2 SNKPH |9 85770 |
| 655 | 7 | |a rukopisy |2 SNKPH |9 70548 | |
| 655 | 7 | |a články |2 SNKPH |9 70601 | |
| 787 | 0 | 8 | |i Vydané v: |t Slovenské pohľady |g Roč. 25, č. 2 (1905), s. 126-130 |
| 852 | |a SNK |b Literárny archív | ||
| 958 | |a OF | ||
| 958 | |a LAVD | ||
| 999 | |c 923313 |d 925243 | ||
| 952 | |a SNKLA |b SNKLA |c SNKLA_DEP |y NEVYP |7 0 |p 17A1230824 |o snk49 CI 13/1 |0 0 |1 0 |4 0 |d 2024-12-10 |f 1 |l 0 |r 2026-02-24 08:22:41 |w 2026-02-24 | ||


